Reproductive health needs of the internally displaced persons in Kenya : (Record no. 13090)

MARC details
000 -LEADER
fixed length control field 00746nam a22002052 4500
001 - CONTROL NUMBER
control field 0000007530
005 - DATE AND TIME OF LATEST TRANSACTION
control field 20151217155834.0
008 - FIXED-LENGTH DATA ELEMENTS--GENERAL INFORMATION
fixed length control field 080213s xx 000 0 eng d
020 ## - INTERNATIONAL STANDARD BOOK NUMBER
Terms of availability KES
040 ## - CATALOGING SOURCE
Original cataloging agency KABU
Transcribing agency KABU
110 2# - MAIN ENTRY--CORPORATE NAME
Corporate name or jurisdiction name as entry element UNFPA.
Subordinate unit Kenya Country Office.
-- 0000158796
245 10 - TITLE STATEMENT
Title Reproductive health needs of the internally displaced persons in Kenya :
Remainder of title case study of Narok and Samburu districts, and Kajiado migrants in Nairobi /
Statement of responsibility, etc. UNFPA Kenya Country Office.
260 ## - PUBLICATION, DISTRIBUTION, ETC. (IMPRINT)
Place of publication, distribution, etc. Nairobi :
Name of publisher, distributor, etc. UNFPA,
Date of publication, distribution, etc. 2002.
300 ## - PHYSICAL DESCRIPTION
Extent ix, 90 p.
650 #0 - SUBJECT ADDED ENTRY--TOPICAL TERM
Topical term or geographic name as entry element Reproductive health
Geographic subdivision Kenya.
-- 0000155728
650 #0 - SUBJECT ADDED ENTRY--TOPICAL TERM
Topical term or geographic name as entry element Migration, Internal
Geographic subdivision Kenya.
-- 0000150016
908 ## - PUT COMMAND PARAMETER (RLIN)
Put command parameter 080213
950 ## - LOCAL HOLDINGS (RLIN)
-- 1
Holdings
Withdrawn status Lost status Source of classification or shelving scheme Not for loan Home library Current library Date acquired Total Checkouts Full call number Barcode Date last seen Price effective from Koha item type
    Library of Congress Classification   Kabarak, Main Campus Kabarak, Main Campus 17/12/2015   HQ766.5 K4R47 012105 17/12/2015 17/12/2015 Africana Collection
Designed with assistance from East African Informatics Ltd